Годы 81 - 63 до н. э.; Речи; Речь в защиту Секста Росция из Америи; Речь против Гая Верреса (Первая сессия); Речь против Гая Верреса "О предметах искусства"; Речь против Гая Верреса "О казнях"; Речь о предоставлении империя Гнею Помпею; Речь в защиту Авла Клуенция Габита; Вторая речь о земельном законе народного трибуна Публия Серилия Рулла; Речь в защиту Гая Рабрия; Первая речь против Луция Сергия Катилины; Вторая речь против Луция Сергия Катилины; Третья речь против Луция Сергия Катилины; Четвертая речь против Луция Сергия Катилины; Речь в защиту Луция Лициния Мурены; Марк Тулий Цицерон
| Parent link: | Речи: в 2 т./ М. Т. Цицерон. Т. 1.— , 1993 |
|---|---|
| Sprog: | russisk |
| Udgivet: |
1993
|
| TOC: | Речь в защиту Секста Росция из Америи; Речь против Гая Верреса (Первая сессия); Речь против Гая Верреса "О предметах искусства"; Речь против Гая Верреса "О казнях"; Речь о предоставлении империя Гнею Помпею; Речь в защиту Авла Клуенция Габита; Вторая речь о земельном законе народного трибуна Публия Серилия Рулла; Речь в защиту Гая Рабрия; Первая речь против Луция Сергия Катилины; Вторая речь против Луция Сергия Катилины; Третья речь против Луция Сергия Катилины; Четвертая речь против Луция Сергия Катилины; Речь в защиту Луция Лициния Мурены; М. Грабарь-Пассек, Марк Тулий Цицерон; |
| Fag: | |
| Format: | Bog |
| KOHA link: | https://koha.lib.tpu.ru/cgi-bin/koha/opac-detail.pl?biblionumber=59785 |
MARC
| LEADER | 00000nam2a2200000 4500 | ||
|---|---|---|---|
| 001 | 59785 | ||
| 005 | 20231101211833.0 | ||
| 010 | |a 5020111686 | ||
| 035 | |a (RuTPU)RU\TPU\book\63242 | ||
| 090 | |a 59785 | ||
| 100 | |a 20040127e1993 k y0rusy50 ca | ||
| 101 | 1 | |a rus |c lat | |
| 102 | |a RU | ||
| 105 | |a a z 001zb | ||
| 200 | 1 | |a Годы 81 - 63 до н. э. | |
| 210 | |d 1993 | ||
| 215 | |a 441 с. |c ил. | ||
| 320 | |a Примечания: с. 388-441. | ||
| 320 | |a Список иллюстраций: с. 442. | ||
| 461 | 1 | |0 (RuTPU)RU\TPU\book\63241 |t Речи |o в 2 т. |o пер. с латин. |f М. Т. Цицерон |v Т. 1 |d 1993 |s Литературные памятники | |
| 464 | |t Речь в защиту Секста Росция из Америи | ||
| 464 | |t Речь против Гая Верреса (Первая сессия) | ||
| 464 | |t Речь против Гая Верреса "О предметах искусства" | ||
| 464 | |t Речь против Гая Верреса "О казнях" | ||
| 464 | |t Речь о предоставлении империя Гнею Помпею | ||
| 464 | |t Речь в защиту Авла Клуенция Габита | ||
| 464 | |t Вторая речь о земельном законе народного трибуна Публия Серилия Рулла | ||
| 464 | |t Речь в защиту Гая Рабрия | ||
| 464 | |t Первая речь против Луция Сергия Катилины | ||
| 464 | |t Вторая речь против Луция Сергия Катилины | ||
| 464 | |t Третья речь против Луция Сергия Катилины | ||
| 464 | |t Четвертая речь против Луция Сергия Катилины | ||
| 464 | |t Речь в защиту Луция Лициния Мурены | ||
| 464 | |t Марк Тулий Цицерон |f М. Грабарь-Пассек | ||
| 600 | 0 | |a Цицерон Марк Туллий |c римский политический деятель |c оратор |c писатель |f 106-43 гг. до н. э. |2 stltpush |3 (RuTPU)RU\TPU\pers\628 | |
| 606 | 1 | |a Ораторское искусство античное |2 stltpush |3 (RuTPU)RU\TPU\subj\47281 |9 66336 | |
| 606 | 1 | |a Рим Древний |x История |x Источники и источниковедение |2 stltpush |3 (RuTPU)RU\TPU\subj\58966 |9 76640 | |
| 610 | 1 | |a история | |
| 610 | 1 | |a ораторское искусство | |
| 610 | 1 | |a судебные речи | |
| 610 | 1 | |a 1 век до н.э. | |
| 610 | 1 | |a источники | |
| 610 | 1 | |a источниковедение | |
| 686 | |a Т3(0)323 |v LBC/SL-A |2 rubbk | ||
| 801 | 1 | |a RU |b 63413507 |c 20040127 |g PSBO | |
| 801 | 2 | |a RU |b 63413507 |c 20230407 |g PSBO | |
| 942 | |c BK | ||